• 首页
  • 本馆介绍
  • 公告通知
  • 最新文献
  • 馆藏检索
  • 电子资源
  • 读者导购
  • 参考咨询
  • 我的图书馆
  • 登录
  • 详细信息显示
  • 放入我的书架
  • 预约/预借图书
  • 作者相关作品
  • 分类相关作品
  • 丛书相关作品
  • 出版社相关作品

书目信息

  • 表格格式
  • 工作单格式
  • 卡片格式
题名:
抹去吧眼角的泪
    
 
作者: 李耀东 曲
分册:  
出版信息: 北京   人民音乐出版社  1981
页数: 56页
开本: 20cm
丛书名:
单 册:
中图分类: J647.21
科图分类:
主题词: 音乐--作品--中国
电子资源:
ISBN:
000 00568nam0 2200193 45
001 0312221749
005 20060509102102.65
010    @dCNY0.58
100    @a20031222d1981 km y0chiy0120 ea
101    @achi
200 1  @a抹去吧眼角的泪@AMo Qu Ba Yan Jiao De Lei@f李耀东曲@Fli yao dong qu
210    @a北京@c人民音乐出版社@d1981
215    @a56页@d20cm
300    @a小提琴协奏曲,总谱,选自电影《生活的颤音》
606 0  @a音乐@x作品@x中国
690    @aJ647.21@v3
701 0  @a李耀东@Ali yao dong@4曲
801    @aCN@bTSTCL@c20060509
905    @a213230@dJ647.21@e20@b59919@f1
    
    抹去吧眼角的泪/李耀东曲.-北京:人民音乐出版社,1981
    56页;20cm
    小提琴协奏曲,总谱,选自电影《生活的颤音》
    
    ISBN :CNY0.58
    
●
相关链接 在E读中查询图书 在五车中查询图书 在当当中查询图书 在豆瓣中查询图书


正题名:抹去吧眼角的泪     索取号:J647.21/20         预约/预借

序号 登录号 条形码 馆藏地/架位号 状态 备注
1 0059917   202191804   密集书库/ [索取号:J647.21/20] 在馆    
2 0059918   202333821   密集书库/ [索取号:J647.21/20] 在馆    
3 0059919   001203717   第一样本阅览室/ [索取号:J647.21/20] 在馆    
唐山师范学院图书馆 欢迎您!
大连网信软件有限公司© 版权所有